[Event "Razuvaev Memorial 2020"]
[Site "Moscow"]
[Date "2020.11.06"]
[Round "3.1"]
[White "Nepomniachtchi, Ian"]
[Black "Kramnik, Vladimir"]
[Result "0-1"]
[WhiteElo "2785"]
[BlackElo "2797"]
[Annotator "TA"]
[PlyCount "58"]
[EventDate "2020.11.06"]
[EventCountry "RUS"]
[SourceTitle "playchess.com"]
[Source "ChessBase"]
[SourceQuality "1"]

{[%evp 11,58,4,10,0,15,-20,0,-11,-11,-17,0,-31,-56,-54,-40,-51,-50,-462,-434,-818,-804,-785,-810,-741,-787,-787,-776,-715,-551,-1877,-2167,-2106,-2132,-2044,-2012,-1965,-1927,-2025,-2114,-1938,-1095,-29980,-1152,-2354,-2067,-2083,-859,-845,-825]} 1. c4 e6 2. Nf3 d5 3. e3 Nf6 4. Nc3 Be7 5. b3 O-O 6. Bb2 b6 7. cxd5 {A13: English Opening: 1...e6.} Nxd5 8. h4 Ba6 {[#]} 9. Be2 $146 {The position is equal.} ({Predecessor:} 9. Bxa6 Nxa6 10. Qb1 Nxc3 11. Bxc3 Nb4 12. Bxb4 Bxb4 13. a3 Be7 14. Qe4 Qd5 15. Qxd5 exd5 {½-½ (50) Kopinits,A (2276)-Perhinig,R (2256) Deutschlandsberg 2019}) 9... c5 10. Qb1 Nb4 11. Bxa6 (11. Nb5 {with more complications.} Qd7 12. Ne5 Qb7 13. Nf3 Qc6 14. Ne5) 11... N8xa6 12. Ke2 f5 13. a3 Nc6 14. g4 $2 {[%mdl 8192]} (14. Qd3 $15 Qxd3+ 15. Kxd3) 14... fxg4 $19 15. Ng5 {[#]} (15. Ng1 $142 c4 16. bxc4) 15... Rxf2+ $1 {[%mdl 576] Deflection} 16. Kxf2 Qxd2+ 17. Kg1 Bxg5 18. Rh2 Qxe3+ 19. Kh1 Bf4 20. Ne4 Qf3+ 21. Rg2 Qh3+ {[%mdl 64] Double Attack} 22. Kg1 Be3+ 23. Nf2 g3 {[%mdl 64] ( -> ...Rf8). Pin} 24. Qe4 Bxf2+ 25. Kf1 Rc8 {Threatens to win with ...Nd4.} 26. Rd1 Bd4 (26... Nd4 $142 27. Bxd4 cxd4 28. Ke2 {[#]} Nc5 $1 {[%mdl 576] Double Attack} 29. Qf4 e5 30. Rh2 Qxh2 31. Qf5 Rf8 32. Qe6+ Kh8 33. Qh3 Qxh3 34. Rd3 Be3 35. Rxe3 Qf1+ 36. Kd2 Rf2+ 37. Re2 Rxe2#) 27. Bxd4 {Black is clearly winning.} Nxd4 28. Kg1 Qf5 29. Qxf5 exf5 {Black took control after the opening. Av CentiPawn Loss W=-151/B=-130. Weighted=-279/-157} 0-1

[Event "Razuvaev Memorial 2020"]
[Site "Moscow"]
[Date "2020.11.06"]
[Round "3.2"]
[White "Potkin, Vladimir"]
[Black "Lautier, Joel"]
[Result "1/2-1/2"]
[WhiteElo "2443"]
[BlackElo "2658"]
[Annotator "ChessBase"]
[PlyCount "115"]
[EventDate "2020.11.06"]
[EventCountry "RUS"]
[SourceTitle "playchess.com"]
[Source "ChessBase"]
[SourceQuality "1"]
[TimeControl "300+3"]

1. d4 {[%emt 0:00:01]} d5 {[%emt 0:00:02]} 2. c4 {[%emt 0:00:01]} e6 {[%emt 0:00:01]} 3. Nc3 {[%emt 0:00:01]} Bb4 {[%emt 0:00:02]} 4. e3 {[%emt 0:00:04]} Nf6 {[%emt 0:00:02]} 5. a3 {[%emt 0:00:05]} Bxc3+ {[%emt 0:00:04]} 6. bxc3 {[%emt 0:00:00]} O-O {[%emt 0:00:03]} 7. cxd5 {[%emt 0:00:03]} exd5 {[%emt 0:00:03]} 8. Bd3 {[%emt 0:00:01]} c5 {[%emt 0:00:14]} 9. Ne2 {[%emt 0:00:01]} Nc6 {[%emt 0:00:04]} 10. O-O {[%emt 0:00:04]} Qa5 {[%emt 0:00:04]} 11. f3 {[%emt 0:00:13]} Re8 {[%emt 0:00:03]} 12. Bd2 {[%emt 0:00:14]} Qc7 {[%emt 0:00:23]} 13. Ng3 {[%emt 0:00:11]} Be6 {[%emt 0:00:10]} 14. Rf2 {[%emt 0:00:35]} Rac8 {[%emt 0:00:13]} 15. a4 {[%emt 0:00:04]} b6 {[%emt 0:00:14]} 16. Bc1 {[%emt 0:00:14]} cxd4 {[%emt 0:00:06]} 17. cxd4 {[%emt 0:00:03]} Nb4 {[%emt 0:00:03]} 18. Bb5 {[%emt 0:00:02]} Bd7 {[%emt 0:00:03]} 19. Bd2 {[%emt 0:01:47]} a5 {[%emt 0:00:54]} 20. Bxb4 {[%emt 0:00:02]} axb4 {[%emt 0:00:05]} 21. Bxd7 {[%emt 0:00:15]} Qxd7 {[%emt 0:00:02]} 22. Nf1 {[%emt 0:00:01]} Rc4 {[%emt 0:00:19]} 23. Rb2 {[%emt 0:00:02]} Ra8 {[%emt 0:00:13]} 24. Nd2 {[%emt 0:00:12]} Rc3 {[%emt 0:00:03]} 25. Rxb4 {[%emt 0:00:21]} Qe7 {[%emt 0:00:07]} 26. Rxb6 {[%emt 0:00:12]} Qxe3+ {[%emt 0:00:02]} 27. Kh1 {[%emt 0:00:06]} Rd3 {[%emt 0:00:03]} 28. Rb2 {[%emt 0:00:21]} Qxd4 {[%emt 0:00:01]} 29. Qb1 {[%emt 0:00:07]} g6 {[%emt 0:00:14]} 30. Nf1 {[%emt 0:00:01]} Kg7 {[%emt 0:00:08]} 31. a5 {[%emt 0:00:02]} Rxa5 {[%emt 0:00:13]} 32. Rxa5 {[%emt 0:00:02]} Rd1 {[%emt 0:00:01]} 33. Ra1 {[%emt 0:00:07]} Rxb1 {[%emt 0:00:07]} 34. Raxb1 {[%emt 0:00:01]} h5 {[%emt 0:00:02]} 35. Rd2 {[%emt 0:00:04]} Qe5 {[%emt 0:00:03]} 36. Rbd1 {[%emt 0:00:01]} h4 {[%emt 0:00:11]} 37. Rd3 {[%emt 0:00:04]} Qe2 {[%emt 0:00:03]} 38. h3 {[%emt 0:00:18]} Qe5 {[%emt 0:00:06]} 39. Ne3 {[%emt 0:00:05]} Nh5 {[%emt 0:00:03]} 40. Nxd5 {[%emt 0:00:12]} Ng3+ {[%emt 0:00:02]} 41. Kg1 {[%emt 0:00:00]} Ne2+ {[%emt 0:00:02]} 42. Kf2 {[%emt 0:00:05]} Ng3 {[%emt 0:00:05]} 43. Ne3 {[%emt 0:00:04]} Qf4 {[%emt 0:00:04]} 44. Rd4 {[%emt 0:00:06]} Qf6 {[%emt 0:00:02]} 45. Nd5 {[%emt 0:00:04]} Qe5 {[%emt 0:00:04]} 46. R1d2 {[%emt 0:00:10]} Nh1+ {[%emt 0:00:04]} 47. Kg1 {[%emt 0:00:01]} Qe1+ {[%emt 0:00:02]} 48. Kh2 {[%emt 0:00:03]} Nf2 {[%emt 0:00:13]} 49. Rxf2 {[%emt 0:00:07]} Qxf2 {[%emt 0:00:02]} 50. Re4 {[%emt 0:00:02]} Qg3+ {[%emt 0:00:07]} 51. Kh1 {[%emt 0:00:02]} f5 {[%emt 0:00:03]} 52. Re7+ {[%emt 0:00:02]} Kh6 {[%emt 0:00:03]} 53. Re2 {[%emt 0:00:01]} Qd6 {[%emt 0:00:02]} 54. Rd2 {[%emt 0:00:05]} Qc5 {[%emt 0:00:09]} 55. Kh2 {[%emt 0:00:06]} Qd6+ {[%emt 0:00:02]} 56. Kh1 {[%emt 0:00:01]} Qg3 {[%emt 0:00:04]} 57. Re2 {[%emt 0:00:05]} Qd6 {[%emt 0:00:02]} 58. Rd2 {[%emt 0:00:01]} 1/2-1/2

[Event "Razuvaev Memorial 2020"]
[Site "Moscow"]
[Date "2020.11.06"]
[Round "3.3"]
[White "Tomashevsky, Evgeny"]
[Black "Motylev, Alexander"]
[Result "1-0"]
[WhiteElo "2681"]
[BlackElo "2618"]
[Annotator "ChessBase"]
[PlyCount "77"]
[EventDate "2020.11.06"]
[EventCountry "RUS"]
[SourceTitle "playchess.com"]
[Source "ChessBase"]
[SourceQuality "1"]
[TimeControl "300+3"]

1. Nf3 {[%emt 0:00:01]} d5 {[%emt 0:00:03]} 2. b3 {[%emt 0:00:02]} Bg4 {[%emt 0:00:04]} 3. e3 {[%emt 0:00:03]} Nd7 {[%emt 0:00:05]} 4. Bb2 {[%emt 0:00:03]} e5 {[%emt 0:00:10]} 5. h3 {[%emt 0:00:03]} Bh5 {[%emt 0:00:09]} 6. g4 {[%emt 0:00:31]} Bg6 {[%emt 0:00:02]} 7. Nxe5 {[%emt 0:00:01]} Nxe5 {[%emt 0:00:53]} 8. Bxe5 {[%emt 0:00:02]} Be4 {[%emt 0:00:12]} 9. Rg1 {[%emt 0:00:17]} Qe7 {[%emt 0:00:03]} 10. d4 {[%emt 0:00:46]} O-O-O {[%emt 0:00:08]} 11. Nd2 {[%emt 0:00:15]} f6 {[%emt 0:00:23]} 12. Bg3 {[%emt 0:00:05]} Qb4 {[%emt 0:00:08]} 13. c3 {[%emt 0:00:10]} Qb6 {[%emt 0:01:49]} 14. Nxe4 {[%emt 0:01:03]} dxe4 {[%emt 0:00:02]} 15. Qc2 {[%emt 0:00:05]} Ne7 {[%emt 0:00:12]} 16. Qxe4 {[%emt 0:00:38]} Nd5 {[%emt 0:00:01]} 17. Bc4 {[%emt 0:00:01]} Nxc3 {[%emt 0:00:29]} 18. Qe6+ {[%emt 0:00:02]} Kb8 {[%emt 0:00:02]} 19. Qxb6 {[%emt 0:00:35]} axb6 {[%emt 0:00:00]} 20. Bd3 {[%emt 0:00:08]} Ba3 {[%emt 0:00:06]} 21. Kd2 {[%emt 0:00:03]} Nd5 {[%emt 0:00:09]} 22. Ke2 {[%emt 0:00:08]} b5 {[%emt 0:00:04]} 23. Kf3 {[%emt 0:00:03]} Nc3 {[%emt 0:00:05]} 24. h4 {[%emt 0:00:14]} h6 {[%emt 0:00:20]} 25. Rh1 {[%emt 0:00:03]} b4 {[%emt 0:00:06]} 26. Bf4 {[%emt 0:00:11]} g5 {[%emt 0:00:04]} 27. hxg5 {[%emt 0:00:03]} hxg5 {[%emt 0:00:01]} 28. Bg3 {[%emt 0:00:03]} Bb2 {[%emt 0:00:02]} 29. Rag1 {[%emt 0:00:02]} Nxa2 {[%emt 0:00:05]} 30. Rh5 {[%emt 0:00:01]} Rxh5 {[%emt 0:00:20]} 31. gxh5 {[%emt 0:00:02]} Rh8 {[%emt 0:00:00]} 32. Rh1 {[%emt 0:00:02]} Rh6 {[%emt 0:00:02]} 33. Kg4 {[%emt 0:00:03]} Nc3 {[%emt 0:00:01]} 34. f4 {[%emt 0:00:14]} gxf4 {[%emt 0:00:02]} 35. Bxf4 {[%emt 0:00:01]} Rh8 {[%emt 0:00:00]} 36. Bc4 {[%emt 0:00:07]} Ne4 {[%emt 0:00:09]} 37. Kf5 {[%emt 0:00:05]} Nd6+ {[%emt 0:00:09]} 38. Bxd6 {[%emt 0:00:01]} cxd6 {[%emt 0:00:01]} 39. h6 {[%emt 0:00:01]} 1-0

[Event "Razuvaev Memorial 2020"]
[Site "Moscow"]
[Date "2020.11.06"]
[Round "3.4"]
[White "Kobalia, Mikhail"]
[Black "Gelfand, Boris"]
[Result "1/2-1/2"]
[WhiteElo "2569"]
[BlackElo "2693"]
[Annotator "ChessBase"]
[PlyCount "69"]
[EventDate "2020.11.06"]
[EventCountry "RUS"]
[SourceTitle "playchess.com"]
[Source "ChessBase"]
[SourceQuality "1"]
[TimeControl "300+3"]

1. e4 {[%emt 0:00:03]} c5 {[%emt 0:00:02]} 2. Nf3 {[%emt 0:00:01]} Nc6 {[%emt 0:00:01]} 3. Bb5 {[%emt 0:00:03]} e6 {[%emt 0:00:01]} 4. O-O {[%emt 0:00:05]} Nge7 {[%emt 0:00:01]} 5. d4 {[%emt 0:00:02]} cxd4 {[%emt 0:00:02]} 6. Nxd4 {[%emt 0:00:00]} Ng6 {[%emt 0:00:00]} 7. Be2 {[%emt 0:00:03]} Be7 {[%emt 0:00:05]} 8. c4 {[%emt 0:00:03]} O-O {[%emt 0:00:02]} 9. Nc3 {[%emt 0:00:02]} b6 {[%emt 0:00:22]} 10. Be3 {[%emt 0:00:19]} Bb7 {[%emt 0:00:01]} 11. Nxc6 {[%emt 0:00:06]} Bxc6 {[%emt 0:00:07]} 12. Qd2 {[%emt 0:00:04]} f5 {[%emt 0:00:22]} 13. exf5 {[%emt 0:00:06]} Nh4 {[%emt 0:00:02]} 14. f3 {[%emt 0:00:09]} Nxf5 {[%emt 0:00:05]} 15. Bf2 {[%emt 0:00:13]} Bg5 {[%emt 0:00:16]} 16. Qd3 {[%emt 0:00:05]} Bf4 {[%emt 0:00:05]} 17. Ne4 {[%emt 0:00:04]} Qc7 {[%emt 0:00:54]} 18. g3 {[%emt 0:00:02]} Be5 {[%emt 0:00:01]} 19. Rab1 {[%emt 0:00:02]} d5 {[%emt 0:00:09]} 20. Ng5 {[%emt 0:00:18]} Qe7 {[%emt 0:00:02]} 21. f4 {[%emt 0:00:02]} dxc4 {[%emt 0:00:28]} 22. Qxc4 {[%emt 0:00:06]} Bd5 {[%emt 0:00:01]} 23. Qa4 {[%emt 0:00:10]} Bf6 {[%emt 0:00:41]} 24. Ne4 {[%emt 0:00:10]} Rac8 {[%emt 0:00:08]} 25. Ba6 {[%emt 0:00:21]} Rc7 {[%emt 0:00:09]} 26. Rfe1 {[%emt 0:00:03]} Nd6 {[%emt 0:00:18]} 27. Nxf6+ {[%emt 0:00:08]} Qxf6 {[%emt 0:00:03]} 28. Qd4 {[%emt 0:01:01]} Qg6 {[%emt 0:00:14]} 29. Rbc1 {[%emt 0:00:03]} Nf5 {[%emt 0:00:18]} 30. Rxc7 {[%emt 0:00:20]} Nxd4 {[%emt 0:00:06]} 31. Bxd4 {[%emt 0:00:00]} Rf7 {[%emt 0:00:14]} 32. Rc8+ {[%emt 0:00:02]} Rf8 {[%emt 0:00:01]} 33. Rc7 {[%emt 0:00:00]} Rf7 {[%emt 0:00:06]} 34. Rc8+ {[%emt 0:00:19]} Rf8 {[%emt 0:00:01]} 35. Rc7 {[%emt 0:00:00]} 1/2-1/2

[Event "Razuvaev Memorial 2020"]
[Site "Moscow"]
[Date "2020.11.06"]
[Round "4.1"]
[White "Kramnik, Vladimir"]
[Black "Gelfand, Boris"]
[Result "1/2-1/2"]
[WhiteElo "2797"]
[BlackElo "2693"]
[Annotator "ChessBase"]
[PlyCount "83"]
[EventDate "2020.11.06"]
[EventCountry "RUS"]
[SourceTitle "playchess.com"]
[Source "ChessBase"]
[SourceQuality "1"]
[TimeControl "300+3"]

1. c4 {[%emt 0:00:02]} c5 {[%emt 0:00:02]} 2. b3 {[%emt 0:00:02]} Nf6 {[%emt 0:00:03]} 3. Bb2 {[%emt 0:00:01]} Nc6 {[%emt 0:00:06]} 4. Nf3 {[%emt 0:00:02]} d5 {[%emt 0:00:00]} 5. cxd5 {[%emt 0:00:02]} Nxd5 {[%emt 0:00:01]} 6. Nc3 {[%emt 0:00:02]} e5 {[%emt 0:00:02]} 7. e3 {[%emt 0:00:07]} Nxc3 {[%emt 0:00:01]} 8. Bxc3 {[%emt 0:00:01]} Bd6 {[%emt 0:00:02]} 9. Qc2 {[%emt 0:00:16]} Qe7 {[%emt 0:00:02]} 10. Bd3 {[%emt 0:00:11]} Bd7 {[%emt 0:00:04]} 11. Be4 {[%emt 0:00:19]} g6 {[%emt 0:00:58]} 12. O-O {[%emt 0:00:03]} f5 {[%emt 0:00:14]} 13. Bd5 {[%emt 0:00:02]} O-O-O {[%emt 0:00:01]} 14. d4 {[%emt 0:00:20]} cxd4 {[%emt 0:00:23]} 15. exd4 {[%emt 0:00:01]} e4 {[%emt 0:00:01]} 16. Ne5 {[%emt 0:00:09]} Kb8 {[%emt 0:00:19]} 17. Bxc6 {[%emt 0:00:06]} Bxc6 {[%emt 0:00:23]} 18. Nxc6+ {[%emt 0:00:02]} bxc6 {[%emt 0:00:01]} 19. d5 {[%emt 0:00:01]} cxd5 {[%emt 0:00:21]} 20. Bxh8 {[%emt 0:00:03]} Rxh8 {[%emt 0:00:01]} 21. Rad1 {[%emt 0:01:08]} Rd8 {[%emt 0:00:14]} 22. g3 {[%emt 0:00:09]} Bc7 {[%emt 0:00:22]} 23. b4 {[%emt 0:00:15]} d4 {[%emt 0:00:07]} 24. a4 {[%emt 0:00:01]} d3 {[%emt 0:00:07]} 25. Qc4 {[%emt 0:00:05]} Qd7 {[%emt 0:00:28]} 26. a5 {[%emt 0:00:18]} Qd5 {[%emt 0:00:02]} 27. Qc1 {[%emt 0:00:30]} Be5 {[%emt 0:00:17]} 28. Qh6 {[%emt 0:00:21]} Bd4 {[%emt 0:00:18]} 29. b5 {[%emt 0:00:04]} Qe5 {[%emt 0:00:21]} 30. b6 {[%emt 0:00:58]} axb6 {[%emt 0:00:04]} 31. axb6 {[%emt 0:00:08]} e3 {[%emt 0:00:10]} 32. Rxd3 {[%emt 0:00:02]} exf2+ {[%emt 0:00:08]} 33. Kg2 {[%emt 0:00:03]} Qe4+ {[%emt 0:00:03]} 34. Rf3 {[%emt 0:00:05]} Bxb6 {[%emt 0:00:08]} 35. Qxh7 {[%emt 0:00:20]} Rd3 {[%emt 0:00:13]} 36. Qg8+ {[%emt 0:00:02]} Kb7 {[%emt 0:00:09]} 37. Qf7+ {[%emt 0:00:03]} Kb8 {[%emt 0:00:13]} 38. Qf8+ {[%emt 0:00:13]} Kb7 {[%emt 0:00:11]} 39. Qg7+ {[%emt 0:00:02]} Kb8 {[%emt 0:00:04]} 40. Qg8+ {[%emt 0:00:04]} Kb7 {[%emt 0:00:00]} 41. Qg7+ {[%emt 0:00:03]} Kb8 {[%emt 0:00:06]} 42. Qg8+ {[%emt 0:00:05]} 1/2-1/2

[Event "Razuvaev Memorial 2020"]
[Site "Moscow"]
[Date "2020.11.06"]
[Round "4.2"]
[White "Motylev, Alexander"]
[Black "Kobalia, Mikhail"]
[Result "1/2-1/2"]
[WhiteElo "2618"]
[BlackElo "2569"]
[Annotator "ChessBase"]
[PlyCount "47"]
[EventDate "2020.11.06"]
[EventCountry "RUS"]
[SourceTitle "playchess.com"]
[Source "ChessBase"]
[SourceQuality "1"]
[TimeControl "300+3"]

1. e4 {[%emt 0:00:01]} e5 {[%emt 0:00:05]} 2. Nf3 {[%emt 0:00:03]} Nc6 {[%emt 0:00:03]} 3. Bb5 {[%emt 0:00:02]} Nf6 {[%emt 0:00:01]} 4. d3 {[%emt 0:00:02]} Bc5 {[%emt 0:00:02]} 5. Nc3 {[%emt 0:00:02]} O-O {[%emt 0:00:04]} 6. Bxc6 {[%emt 0:00:02]} dxc6 {[%emt 0:00:01]} 7. Qe2 {[%emt 0:00:01]} Nd7 {[%emt 0:00:08]} 8. Bg5 {[%emt 0:00:02]} f6 {[%emt 0:00:18]} 9. Be3 {[%emt 0:00:02]} Bd6 {[%emt 0:00:01]} 10. O-O-O {[%emt 0:00:05]} c5 {[%emt 0:00:01]} 11. Nh4 {[%emt 0:00:01]} Nb8 {[%emt 0:00:04]} 12. Nf5 {[%emt 0:00:02]} Nc6 {[%emt 0:00:02]} 13. Qg4 {[%emt 0:00:11]} Bxf5 {[%emt 0:00:26]} 14. exf5 {[%emt 0:00:03]} Nd4 {[%emt 0:00:01]} 15. Qe4 {[%emt 0:01:44]} b5 {[%emt 0:00:25]} 16. Bxd4 {[%emt 0:00:37]} cxd4 {[%emt 0:00:05]} 17. Nxb5 {[%emt 0:00:21]} Kh8 {[%emt 0:00:24]} 18. c4 {[%emt 0:01:01]} dxc3 {[%emt 0:00:13]} 19. Nxc3 {[%emt 0:00:04]} Bc5 {[%emt 0:00:01]} 20. Qd5 {[%emt 0:00:17]} Qe7 {[%emt 0:00:24]} 21. Qe6 {[%emt 0:00:02]} Qd8 {[%emt 0:00:04]} 22. Qd5 {[%emt 0:00:01]} Qe7 {[%emt 0:00:12]} 23. Qe6 {[%emt 0:00:01]} Qd8 {[%emt 0:00:01]} 24. Qd5 {[%emt 0:00:01]} 1/2-1/2

[Event "Razuvaev Memorial 2020"]
[Site "Moscow"]
[Date "2020.11.06"]
[Round "4.3"]
[White "Lautier, Joel"]
[Black "Tomashevsky, Evgeny"]
[Result "0-1"]
[WhiteElo "2658"]
[BlackElo "2681"]
[Annotator "ChessBase"]
[PlyCount "126"]
[EventDate "2020.11.06"]
[EventCountry "RUS"]
[SourceTitle "playchess.com"]
[Source "ChessBase"]
[SourceQuality "1"]
[TimeControl "300+3"]

1. d4 {[%emt 0:00:01]} Nf6 {[%emt 0:00:03]} 2. c4 {[%emt 0:00:01]} e6 {[%emt 0:00:02]} 3. Nf3 {[%emt 0:00:02]} b6 {[%emt 0:00:08]} 4. g3 {[%emt 0:00:02]} Bb7 {[%emt 0:00:11]} 5. Bg2 {[%emt 0:00:02]} Bb4+ {[%emt 0:00:02]} 6. Bd2 {[%emt 0:00:05]} a5 {[%emt 0:00:02]} 7. O-O {[%emt 0:00:03]} O-O {[%emt 0:00:02]} 8. Bg5 {[%emt 0:00:06]} Be7 {[%emt 0:00:14]} 9. Nc3 {[%emt 0:00:03]} Ne4 {[%emt 0:00:18]} 10. Bxe7 {[%emt 0:00:03]} Qxe7 {[%emt 0:00:02]} 11. Qc2 {[%emt 0:01:03]} Nxc3 {[%emt 0:00:04]} 12. Qxc3 {[%emt 0:00:01]} d6 {[%emt 0:00:05]} 13. Rfe1 {[%emt 0:00:17]} Nd7 {[%emt 0:00:19]} 14. e4 {[%emt 0:00:02]} Rad8 {[%emt 0:00:10]} 15. b3 {[%emt 0:00:15]} e5 {[%emt 0:00:20]} 16. a3 {[%emt 0:00:06]} c5 {[%emt 0:01:06]} 17. d5 {[%emt 0:00:07]} Nf6 {[%emt 0:00:01]} 18. b4 {[%emt 0:00:08]} axb4 {[%emt 0:00:04]} 19. axb4 {[%emt 0:00:02]} Ra8 {[%emt 0:00:00]} 20. Nd2 {[%emt 0:00:03]} Rfb8 {[%emt 0:00:07]} 21. b5 {[%emt 0:00:34]} Bc8 {[%emt 0:00:09]} 22. Ra3 {[%emt 0:00:16]} Rxa3 {[%emt 0:00:24]} 23. Qxa3 {[%emt 0:00:02]} Bb7 {[%emt 0:00:21]} 24. Ra1 {[%emt 0:00:05]} Qd8 {[%emt 0:00:06]} 25. Qb2 {[%emt 0:00:09]} Ra8 {[%emt 0:00:01]} 26. Bh3 {[%emt 0:00:03]} h6 {[%emt 0:00:12]} 27. f3 {[%emt 0:00:05]} Qb8 {[%emt 0:00:06]} 28. Ra3 {[%emt 0:00:05]} Bc8 {[%emt 0:00:08]} 29. Bxc8 {[%emt 0:00:11]} Qxc8 {[%emt 0:00:02]} 30. Qa1 {[%emt 0:00:02]} Rxa3 {[%emt 0:00:01]} 31. Qxa3 {[%emt 0:00:02]} Qb8 {[%emt 0:00:11]} 32. Qa6 {[%emt 0:00:16]} g6 {[%emt 0:00:04]} 33. Nf1 {[%emt 0:00:05]} Kg7 {[%emt 0:00:04]} 34. Ne3 {[%emt 0:00:02]} h5 {[%emt 0:00:01]} 35. h4 {[%emt 0:00:03]} Nd7 {[%emt 0:00:04]} 36. Kg2 {[%emt 0:00:02]} Kf8 {[%emt 0:00:06]} 37. Kf2 {[%emt 0:00:05]} Ke7 {[%emt 0:00:01]} 38. Ke2 {[%emt 0:00:04]} Kd8 {[%emt 0:00:16]} 39. Kd3 {[%emt 0:00:05]} Ke7 {[%emt 0:00:03]} 40. Qa1 {[%emt 0:00:07]} Qf8 {[%emt 0:00:09]} 41. Qa7 {[%emt 0:00:03]} Qb8 {[%emt 0:00:02]} 42. Qa1 {[%emt 0:00:05]} Qf8 {[%emt 0:00:02]} 43. Qa7 {[%emt 0:00:09]} f5 {[%emt 0:00:20]} 44. Ke2 {[%emt 0:00:41]} f4 {[%emt 0:00:09]} 45. Ng2 {[%emt 0:00:34]} fxg3 {[%emt 0:00:20]} 46. Qa1 {[%emt 0:00:02]} Qg8 {[%emt 0:00:23]} 47. Qc1 {[%emt 0:00:03]} Qa8 {[%emt 0:00:01]} 48. Qg5+ {[%emt 0:00:03]} Kf7 {[%emt 0:00:02]} 49. Qxg3 {[%emt 0:00:13]} Qa2+ {[%emt 0:00:01]} 50. Ke1 {[%emt 0:00:05]} Qxc4 {[%emt 0:00:08]} 51. Qg5 {[%emt 0:00:02]} Nf6 {[%emt 0:00:05]} 52. Ne3 {[%emt 0:00:15]} Qxb5 {[%emt 0:00:01]} 53. Nf5 {[%emt 0:00:06]} gxf5 {[%emt 0:00:05]} 54. exf5 {[%emt 0:00:01]} Qb1+ {[%emt 0:00:02]} 55. Kf2 {[%emt 0:00:03]} Qb2+ {[%emt 0:00:01]} 56. Kg3 {[%emt 0:00:06]} e4 {[%emt 0:00:01]} 57. Qg6+ {[%emt 0:00:01]} Ke7 {[%emt 0:00:04]} 58. Qg7+ {[%emt 0:00:02]} Kd8 {[%emt 0:00:01]} 59. Qf8+ {[%emt 0:00:01]} Kc7 {[%emt 0:00:02]} 60. Qe7+ {[%emt 0:00:01]} Nd7 {[%emt 0:00:01]} 61. f4 {[%emt 0:00:05]} Qc3+ {[%emt 0:00:05]} 62. Kh2 {[%emt 0:00:03]} Qd2+ {[%emt 0:00:02]} 63. Kh3 {[%emt 0:00:04]} Qe3+ {[%emt 0:00:02]} 0-1

[Event "Razuvaev Memorial 2020"]
[Site "Moscow"]
[Date "2020.11.06"]
[Round "4.4"]
[White "Nepomniachtchi, Ian"]
[Black "Potkin, Vladimir"]
[Result "1-0"]
[WhiteElo "2785"]
[BlackElo "2443"]
[Annotator "TA"]
[PlyCount "73"]
[EventDate "2020.11.06"]
[EventCountry "RUS"]
[SourceTitle "playchess.com"]
[Source "ChessBase"]
[SourceQuality "1"]

{[%evp 9,73,0,25,0,0,0,22,11,23,17,22,20,50,-15,-17,-20,8,-41,-42,-81,-11,-13,-2,-46,-15,-20,-26,-26,-8,-14,-16,-17,4,10,23,2,4,0,192,193,211,232,227,179,290,183,181,190,190,157,280,287,317,172,258,255,335,335,366,322,536,386,961,935,29968,784]} 1. b3 d5 2. Bb2 c5 3. e3 a6 4. f4 Nc6 5. Nf3 Bg4 6. h3 {A03: Bird's Opening with 1...d5.} Bxf3 7. Qxf3 Nf6 8. g4 {The position is equal.} e6 9. g5 {[#]} Nd7 $146 ({Predecessor:} 9... Ne4 10. Nc3 Nxc3 11. Bxc3 Nb4 12. Kd1 Qd7 13. a3 Nc6 14. Kc1 d4 15. Bb2 O-O-O {1-0 (72) Nicotera,A-Taksrud,V (2079) ICCF email 2011}) 10. h4 Nb4 11. Kd1 (11. Na3 $14) 11... Qc7 $11 12. h5 O-O-O 13. a3 Nc6 14. Bd3 d4 (14... h6 $17 {Black wants to play ...hxg5.} 15. g6 fxg6) 15. Be4 Ndb8 16. Kc1 Be7 17. h6 g6 18. a4 f5 19. gxf6 $1 Bxf6 20. Na3 Rhf8 21. Nc4 $36 {[%mdl 2048] Black is under pressure.} Nb4 22. exd4 (22. Qh3 {is interesting.} Nd7 23. Bg2 Kb8 24. Qxe6 Rfe8 25. Qd6) 22... cxd4 23. Ba3 N8c6 $2 {[#]} (23... Be7 $1 $11 {and Black is okay.}) 24. Bxc6 $1 $18 Nxc6 25. Bxf8 Rxf8 26. Qe4 Kb8 (26... Re8 {keeps fighting.} 27. Kb2 Kb8) 27. Kb2 Re8 28. Rhe1 Nb4 29. Ne5 Rc8 (29... d3 $16 30. c3 (30. Qxb4 $2 Qxc2+ 31. Ka3 Be7 $19) 30... Bxe5) 30. Rac1 Qd6 31. Nd3 (31. Nc4 $142 Rxc4 32. bxc4) 31... Nxd3+ (31... Rc6 $142 32. Ne5 Bxe5 33. fxe5 Qc5) 32. cxd3 ({Much less strong is} 32. Qxd3 $6 Rc6 $18) 32... Re8 33. Rc4 Be7 34. Kc2 ({Worse is} 34. Qxd4 Qxd4+ 35. Rxd4 Bf6 $11) ({Weaker is} 34. Qxe6 Qxe6 35. Rxe6 Ba3+ 36. Kxa3 Rxe6 $16) 34... Qa3 $2 (34... Bh4) 35. Qxd4 Rf8 $2 (35... Qa2+ 36. Qb2 Qxb2+ 37. Kxb2 Bf8) 36. Rxe6 Bh4 37. Qd6+ {Av CentiPawn Loss W=-56/B=-87. Weighted=-43/-78} (37. Qe5+ $142 Ka7 38. Qe3+ Kb8 {[#]} 39. Rxa6 $3 {[%mdl 512]} bxa6 40. Qe5+ Ka8 41. Qe4+ Kb8 42. Rb4+ Qxb4 43. Qxb4+ Kc7 44. Qxf8) 1-0